| 000 | 00460pab a2200169 454500 | ||
|---|---|---|---|
| 008 | 180718b2007 xxu||||| |||| 00| 0 eng d | ||
| 100 | _aMukheibir, Pierre | ||
| 245 | _aDeveloping a municipal adaptation plan (MAP) for climate change: the city of Cape Town | ||
| 260 | _c2007 | ||
| 300 | _ap.143-58. | ||
| 362 | _aApr | ||
| 650 | _aClimatic change | ||
| 700 | _aZiervogel, Gina | ||
| 773 | _aEnvironment and Urbanization | ||
| 908 | _aN | ||
| 909 | _a74383 | ||
| 999 |
_c74383 _d74383 |
||